Statystyki dla Czy zgadniesz którego polskiego rapera to płyta?

Kliknij tutaj aby rozwiązać quiz!

Ogólne statystyki

  • Ten quiz został rozwiązany 16 405 razy
  • Średni wynik to 22 z 56

Statystyki odpowiedzi

płytaWykonawca% Poprawnych
Kwiat Polskiej MłodzieżyBedoes
89%
EgzotykaQuebonafide
89%
MarmurTaco Hemingway
85%
RockstarWhite 2115
82%
TrapolloŻabson
82%
Soma 0,5 mgTACONAFIDE
80%
Nowy kolorOtsochodzi
78%
BOAReto
78%
Wojtek SokółSokół
78%
AtypowySzpaku
78%
POLONBiałas
75%
Złota owcaPaluch
72%
V8TKali
66%
CzempionKizo
61%
TijaraMalik Montana
60%
VanillahajsTede
60%
Evil thingsGuzior
59%
FUMAR MATAMata
58%
Szacunek ludzi ulicyPeja
58%
TrappistYoung igi
53%
PlanszeJan Rapowanie
52%
Muzyka poważnapezet
50%
TrapstarYoung Multi
50%
MODAPlanbe
45%
Życie po śmierciO.S.T.R
43%
KinematografiaPaktofonika
41%
47universeOki
39%
Wszystko co złeSarius
38%
KoktajlBorixon
36%
BlackoutKartky
34%
777Zeamsone
33%
hors d'oeuvreSchafter
31%
247365Gedz
30%
SonoTymek
30%
ĆwirAdi nowak
21%
Ludzie SztosyDwa sławy
21%
BlurMałpa
20%
Myślisz jeszcze?Kuban
17%
Gatunek LGrubson
16%
Ułamek TarciaKaliber 44
14%
Wilk ChodnikowyBisz
12%
TangoRasmentalism
11%
RAPERSAMPLERTen Typ Mes
10%
Alfa i omegaFokus
9%
Pokój 003Buka
8%
Podróże po amplitudzieRahim
8%
ResetPokahontaz
7%
Dożyłem 25 lat i nie będę nic zmieniałHolak
6%
Czerń i bielKleszcz
5%
DefinitywnieTe-Tris
4%
HannibalAbel
3%
Od początkuSzopeen
3%
PYYKYCYKYTYPFFL.U.C.
2%
BezPrzerwyPater
2%
ElementGverilla
1%
SkitŃemy
1%

Rozkład punktacji

Percentyl według liczby udzielonych odpowiedzi

Procent ludzi z każdym wynikiem

Twoja historia wyników

Nie rozwiązałeś tego quizu